Statistics for JellyYT Quiz

Click here to take the quiz!

General Stats

  • This quiz has been taken 60 times
  • The average score is 6 of 15

Answer Stats

HintAnswer% Correct
And who else does he play with?Crainer
88%
Who does Jelly play with?Slogo
88%
What is Jelly's favourite colour?Green
80%
Where Is Jelly from?Netherlands
68%
What is Jelly's minecraft town called?Bee town
58%
What pets does jelly have in real lifeDog
58%
What is Jelly's Minecraft UsernameJellyIsCool
43%
What is Jelly's favourite io gameSlither.io
30%
Where does Jelly LiveSpain
28%
What is jelly's pet in minecraft survival islandDolphin
10%
how much subs does he have?(June 2021)21.7mil
8%
What is Jelly's full nameJelle Van Dutch
8%
What place is he for the best Youtuber?97th
3%
What is Jellys brother's name?Koen
3%
Who does jelly not play with anymore?Kwebblkop
3%

Score Distribution

Percentile by Number Answered

Percent of People with Each Score

Your Score History

You have not taken this quiz